01290cam a22003135a 45000010009000000050017000090080041000260200028000670200028000950200063001230400028001860820019002141000031002332450086002642460066003502600106004163000034005225000024005565040031005806500059006116500042006706500043007126510010007556530029007656550024007949420008008189990017008269520133008431785247920150608155841.0130814t2014 gaua frb 001 0 eng d a0881736465 (alk. paper) z0881736473 (electronic) a9781439851999 (Taylor & Francis distribution : alk. paper) aDLCcDLCdDLCdEG-ScBUE00a658.2222bROB1 aRobinson, Tony,cMS93811610aHigh-performance buildings :ba guide for owners & managers /cTony Robinson, MS.34aHigh-performance buildings :ba guide for owners and managers aLilburn :bThe Fairmont Press ;aBoca Raton ;aLondon :bCRC Press / Taylor & Francis Group,cc.2014. axix, 398 p. :bill. ;c24 cm. aIndex : p. 393-398. aBibliography : p. 375-391. 0aSustainable buildingsxDesign and construction.2BUEsh 0aBuildingsxPerformance.2BUEsh937708 0aBuildingsxEnergy conservation.2BUEsh 2BUEsh bENGGENbENGARCcJune2015 vreading book934232 2ddc c19484d19456 00102ddc40708BaccahaMAINbMAINc1STd2015-06-04epurchaseg620.00l0o658.2 ROBp000038390r2025-07-15 00:00:00v775.00yBB